000 00298nam a22001337a 4500
008 170414b xxu||||| |||| 00| 0 eng d
020 _a2901588262751
041 _aeng
080 _a612.39
100 _a10
101 _aSHM
245 _aTHE WORLD FOOD PROBLEM
_cLEATHERS, H.D
942 _2udc
_cBK
999 _c10717
_d10717